Epistolario de Enrique de Leguina en la Biblioteca de Menéndez Pelayo / (Record no. 189012)
[ view plain ]
| 000 -LEADER | |
|---|---|
| campo de control de longitud fija | 01233nam a2200265 i 4500 |
| 001 - NÚMERO DE CONTROL | |
| campo de control | 189012 |
| 003 - IDENTIFICADOR DE NÚMERO DE CONTROL | |
| campo de control | ES-MaACL |
| 005 - FECHA Y HORA DE LA ÚLTIMA TRANSACCIÓN | |
| campo de control | 20250812060045.0 |
| 008 - DATOS DE LONGITUD FIJA--INFORMACIÓN GENERAL | |
| campo de control de longitud fija | 190320s2017 sp c |||| |dspa d |
| 100 1# - ENTRADA PRINCIPAL--NOMBRE DE PERSONA | |
| Nombre de persona | Leguina, Enrique de. |
| 9 (RLIN) | 71312 |
| 245 10 - MENCIÓN DEL TÍTULO | |
| Título | Epistolario de Enrique de Leguina en la Biblioteca de Menéndez Pelayo / |
| Mención de responsabilidad, etc. | Rosa Fernández Lera y Andrés del Rey Sayagués, editores. |
| 246 3# - FORMA VARIANTE DEL TITULO | |
| Texto de visualización | Tít. del folleto |
| Título propio/Titulo breve | Tractado de los muy señores Barones de la Vega de Hoz |
| 260 ## - PUBLICACIÓN, DISTRIBUCIÓN, ETC. | |
| Lugar de publicación, distribución, etc. | Santander : |
| Nombre del editor, distribuidor, etc. | Biblioteca de Menéndez Pelayo, |
| Fecha de publicación, distribución, etc. | 2017. |
| 300 ## - DESCRIPCIÓN FÍSICA | |
| Extensión | 52 p. : |
| Otras características físicas | 1 retr. autor ; |
| Dimensiones | 22 cm + |
| Material acompañante/anejo | 1 folleto ([12] p.) |
| 490 1# - MENCIÓN DE SERIE | |
| Mención de serie | De re bibliographica. Menéndez Pelayo y su biblioteca ; |
| Designación de volumen o secuencia | 11 |
| 501 ## - NOTA DE CON | |
| Nota de "Con" | Con: Tractado de los muy señores Barones de la Vega de Hoz / José Gestoso Pérez (reprod. del original de 1891) |
| 504 ## - NOTA DE BIBLIOGRAFÍA, ETC. | |
| Nota de bibliografía, etc. | Bibliografía: p. 40-50. |
| 600 14 - PUNTO DE ACCESO ADICIONAL DE MATERIA--NOMBRE DE PERSONA | |
| Nombre de persona | Leguina, Enrique de- |
| Subdivisión de forma | Correspondencia. |
| 9 (RLIN) | 166630 |
| 700 1# - ENTRADA AGREGADA--NOMBRE PERSONAL | |
| Nombre de persona | Fernández Lera, Rosa |
| 9 (RLIN) | 145689 |
| 700 1# - ENTRADA AGREGADA--NOMBRE PERSONAL | |
| Nombre de persona | Rey Sayagués, Andrés del. |
| 9 (RLIN) | 145690 |
| 710 2# - ENTRADA AGREGADA--NOMBRE DE ENTIDAD CORPORATIVA | |
| Nombre de entidad corporativa o nombre de jurisdicción como elemento de entrada | Biblioteca Menéndez y Pelayo. |
| 9 (RLIN) | 149029 |
| 830 0# - PUNTO DE ACCESO ADICIONAL DE SERIE-TÍTULO UNIFORME | |
| Título uniforme | De re bibliographica. Menéndez Pelayo y su biblioteca |
| Designación de volumen o secuencia | 11 |
| 9 (RLIN) | 190448 |
| 852 ## - LOCALIZACIÓN | |
| Ubicación | ES-MaACL |
| Número de control de estantería | 2338-F-19 |
| Estatus retirado | Estado de pérdida | Estado de daño | No para préstamo | Colección | Biblioteca de origen | Biblioteca actual | Ubicación en estantería | Fecha de adquisición | Fuente de adquisición | Total de préstamos | Signatura topográfica completa | Código de barras | Visto por última vez | Precio de reemplazo | Tipo de ítem Koha |
|---|---|---|---|---|---|---|---|---|---|---|---|---|---|---|---|
| Colección de folletos | Biblioteca del Ateneo de Madrid | Biblioteca del Ateneo de Madrid | Depósito folletos | 20/03/2019 | 2338-F-19 | 1200180 | 23/02/2023 | 23/02/2023 | Folleto |
